000 00241nam a2200109Ia 4500
008 190216s9999||||xx |||||||||||||| ||und||
100 _aPottakadu S K
245 0 _aEzhilam Pala
260 _bNbs Kottayam
650 _aMalayalam
942 _cBK
999 _c25252
_d25252